000 01197cam a2200325 i 4500
999 _c36984
_d36984
001 36984
003 Mx-PuUPA
005 20200323113908.0
008 140415s1999 mx adf r 000 0 spa d
020 _a9701018516
040 _aMx-PuUPA
_bspa
_cMx-PuUPA
_dMx-PuUPA
_erda
041 1 _aspa
_heng
245 0 0 _aOtorrinolaringología pediátrica /
_cSamuel Levy Pinto, Mario Mandujano Valdés, [editores]
250 _aCuarta edición
264 4 _aMéxico, D.F. :
_bMcGraw-Hill Interamericana Editores,
_c©1999
300 _axvi, 747, L16 páginas :
_bilustraciones, gráficas, láminas (algunas a color) ;
_c26 cm.
336 _2rdacontent
_atexto
_btxt
337 _2rdamedia
_asin medio
_bn
338 _2rdacarrier
_avolumen
_bnc
650 4 _aOtorrinolaringología
650 4 _aPediatría
650 4 _aOtorrinolaringología pediátrica
700 1 _aPinto, Samuel Levy,
_eeditores
700 1 _aPinto, Samuel Levy,
_eeditores
700 1 _aMandujano Valdés, Mario,
_eeditores
942 _2ddc
_cLI
_h618.9221
_iO884